| 000 | 00425cam a2200169ua 4500 | ||
|---|---|---|---|
| 020 | _c750.00 | ||
| 041 |
_aeng _h |
||
| 082 |
_a630.03 _bBAJ/DI |
||
| 100 | _aBajpai, Sandeep . | ||
| 245 |
_aDictionary of agriculture / _cSandeep Bajpai. _hTextual Documents |
||
| 260 |
_aNew Delhi : _bCyber Tech Publications , _c2009. |
||
| 300 | _a ; . | ||
| 365 | _a750.00 | ||
| 504 | _a | ||
| 942 | _cBK | ||
| 999 |
_c13555 _d13555 |
||